[Event "ICS rated standard match"]
[Site "204.178.125.65"]
[Date "2000.09.15"]
[Round "?"]
[White "Hossa"]
[Black "MODIFICADOR"]
[Result "1-0"]
[WhiteElo "2310"]
[BlackElo "2167"]
[PlyCount "63"]
[EventDate "2000.??.??"]

1. e4 c6 2. d4 d6 3. Nf3 Bg4 4. Bf4 e6 5. h3 Bh5 6. Nbd2 a6 7. Bd3 d5 8. c3 Nf6
9. e5 Nfd7 10. Qc2 Bg6 11. Bxg6 hxg6 12. Ng5 Be7 13. Nxe6 fxe6 14. Qxg6+ Kf8
15. Qxe6 Qe8 16. O-O-O Qf7 17. Qxf7+ Kxf7 18. Bg3 g5 19. f4 gxf4 20. Bxf4 Nf8
21. Rdf1 Ne6 22. Be3+ Kg7 23. Rf3 Nd7 24. b4 Raf8 25. Rg3+ Kh7 26. Rg4 Rhg8 27.
Rxg8 Rxg8 28. g4 Bh4 29. Rf1 Rf8 30. Rxf8 Ndxf8 31. Nf3 Kg6 32. Nxh4+ {
MODIFICADOR resigns} 1-0

[Event "ICS rated standard match"]
[Site "204.178.125.65"]
[Date "2000.09.15"]
[Round "?"]
[White "MODIFICADOR"]
[Black "Hossa"]
[Result "0-1"]
[WhiteElo "2157"]
[BlackElo "2320"]
[PlyCount "32"]
[EventDate "2000.??.??"]

1. d4 Nf6 2. c4 e6 3. Nc3 Bb4 4. a3 Bxc3+ 5. bxc3 c5 6. e3 Qa5 7. Qc2 cxd4 8.
exd4 d6 9. Bd3 e5 10. Bg5 e4 11. Bxf6 exd3 12. Qxd3 gxf6 13. d5 Nd7 14. f4 Nb6
15. Kd2 Qc5 16. Re1+ Kd8 {MODIFICADOR resigns} 0-1

[Event "ICS rated standard match"]
[Site "204.178.125.65"]
[Date "2000.09.15"]
[Round "?"]
[White "Hossa"]
[Black "MODIFICADOR"]
[Result "1-0"]
[WhiteElo "2329"]
[BlackElo "2148"]
[PlyCount "73"]
[EventDate "2000.??.??"]

1. d4 Nf6 2. c4 c6 3. Nc3 d5 4. Nf3 e6 5. cxd5 cxd5 6. e3 Nc6 7. a3 Be7 8. Bd3
O-O 9. Bd2 Bd7 10. O-O Rc8 11. Rc1 Ne8 12. Qc2 f5 13. Qb3 Nd6 14. Ne5 Na5 15.
Qa2 Nac4 16. Nxd7 Qxd7 17. Be1 Ne4 18. Nxe4 fxe4 19. Bxc4 Rxc4 20. Rxc4 dxc4
21. Qxc4 Qd5 22. Qxd5 exd5 23. f3 Bg5 24. fxe4 Bxe3+ 25. Bf2 Rxf2 26. Rxf2 dxe4
27. d5 Bc5 28. Kf1 Bxf2 29. Kxf2 Kf7 30. Ke3 Ke7 31. g4 Kd6 32. Kxe4 g6 33. g5
b6 34. a4 a6 35. b4 a5 36. bxa5 bxa5 37. Kd4 {MODIFICADOR resigns} 1-0

[Event "ICS rated blitz match"]
[Site "204.178.125.65"]
[Date "2000.09.15"]
[Round "?"]
[White "Hossa"]
[Black "Knightfreak"]
[Result "1-0"]
[WhiteElo "2546"]
[BlackElo "2272"]
[PlyCount "129"]
[EventDate "2000.??.??"]

1. d4 Nf6 2. c4 e6 3. Nc3 Bb4 4. Qc2 d5 5. cxd5 Qxd5 6. Nf3 Qf5 7. Qxf5 exf5 8.
Bd2 c6 9. a3 Be7 10. e3 Be6 11. Bd3 h6 12. O-O Nbd7 13. Ne2 g6 14. Ba5 Nd5 15.
b3 N5b6 16. Bc2 Nd5 17. Rfd1 Rc8 18. Bd3 Bd6 19. Nd2 Bb8 20. Nc4 Ke7 21. Ra2
N7f6 22. Rc2 Ng4 23. h3 Ngf6 24. Bd2 Rhe8 25. Ne5 Nd7 26. Nxd7 Bxd7 27. Bc4 Be6
28. Rb2 Bd6 29. Ra1 Kf8 30. Be1 Kg7 31. Ba5 Be7 32. Bd3 Bf6 33. Rd1 Be7 34. Ra2
Bf6 35. Rf1 Ne7 36. Rb2 Nd5 37. Rc2 Be7 38. Ra2 Nf6 39. Bc2 Nd5 40. Re1 Bf6 41.
Bd3 Re7 42. Rc2 Rd7 43. Rb2 Be7 44. Ra1 Bf6 45. Rd1 b6 46. Ba6 Rcc7 47. Bd2 c5
48. b4 cxd4 49. exd4 Rd8 50. Rbb1 Ne7 51. Rbc1 Rdd7 52. Rxc7 Rxc7 53. Bf4 Rc2
54. Kh2 Nd5 55. Bc1 Be7 56. Bd3 Bd6+ 57. g3 Rc7 58. Bd2 Bd7 59. Re1 Ba4 60. Kg2
Bc2 61. Nc1 Bxd3 62. Nxd3 Rc4 63. Ne5 Rxd4 64. Bxh6+ Kf6 65. Nd7# {
Knightfreak checkmated} 1-0

[Event "ICS Rated standard match"]
[Site "204.178.125.65"]
[Date "2000.09.15"]
[Round "?"]
[White "MODIFICADOR"]
[Black "Hossa"]
[Result "0-1"]
[WhiteElo "2140"]
[BlackElo "2337"]
[PlyCount "56"]
[EventDate "2000.??.??"]

1. d4 Nf6 2. c4 g6 3. g3 d5 4. cxd5 Nxd5 5. Nf3 Nb6 6. b3 Bg7 7. Bb2 c5 8. Bg2
Nc6 9. e3 O-O 10. O-O Bg4 11. h3 Bxf3 12. Bxf3 Qd7 13. Bxc6 bxc6 14. a4 Qxh3
15. a5 Nd5 16. Ra4 Nxe3 17. fxe3 Qxg3+ 18. Kh1 Qh3+ 19. Kg1 Qxe3+ 20. Rf2 Rab8
21. Bc1 Qxb3 22. Qxb3 Rxb3 23. Nd2 Rg3+ 24. Kh2 Rc3 25. Bb2 Rc2 26. Ba1 Rd8 27.
Ne4 Rxf2+ 28. Nxf2 cxd4 {MODIFICADOR resigns} 0-1

[Event "ICS rated blitz match"]
[Site "204.178.125.65"]
[Date "2000.09.15"]
[Round "?"]
[White "PostModernist"]
[Black "Hossa"]
[Result "1-0"]
[WhiteElo "2612"]
[BlackElo "2551"]
[PlyCount "133"]
[EventDate "2000.??.??"]

1. d4 d5 2. Nf3 Nf6 3. e3 e6 4. Bd3 Be7 5. Nbd2 c6 6. O-O O-O 7. Ne5 Nbd7 8. b3
Bb4 9. Nef3 Bc3 10. Ba3 Re8 11. Rc1 e5 12. Nb1 exd4 13. exd4 Ba5 14. c4 Nf8 15.
Qc2 dxc4 16. Bxc4 Bg4 17. Ne5 Bh5 18. Bc5 N8d7 19. Nxd7 Qxd7 20. Bd3 b6 21. Ba3
Qxd4 22. Bb2 Qd6 23. Bxf6 Qxf6 24. Bxh7+ Kh8 25. Be4 Re6 26. Bf5 Re5 27. g4 c5
28. Na3 g6 29. Be4 Rae8 30. f3 Bb4 31. Nc4 Rg5 32. h4 Qd4+ 33. Qf2 Rxg4+ 34.
fxg4 Rxe4 35. Qxd4+ cxd4 36. gxh5 Rg4+ 37. Kf2 Rxh4 38. hxg6 fxg6 39. Ne5 Re4
40. Nxg6+ Kg7 41. Rg1 Kf6 42. Rc6+ Kf5 43. Rc7 a5 44. Rd7 Bc5 45. Rd5+ Kf6 46.
Rgg5 Ke6 47. Kf3 Re3+ 48. Kg4 Kf7 49. Nf4 Re1 50. Rxc5 bxc5 51. Rxc5 a4 52.
bxa4 Ke7 53. Kf5 Rd1 54. Rd5 Rd2 55. a3 Rd1 56. Ng6+ Ke8 57. Ne5 Rd2 58. a5 Rd1
59. a6 Rf1+ 60. Ke6 Rh1 61. Nd7 Re1+ 62. Re5 Ra1 63. Rf5 Kd8 64. Kd6 Re1 65.
Rf8+ Re8 66. a7 Rxf8 67. a8=Q# {Hossa checkmated} 1-0

[Event "ICS rated standard match"]
[Site "204.178.125.65"]
[Date "2000.09.15"]
[Round "?"]
[White "stutsar"]
[Black "Hossa"]
[Result "1-0"]
[WhiteElo "1943"]
[BlackElo "2352"]
[PlyCount "103"]
[EventDate "2000.??.??"]

1. d4 Nf6 2. c4 g6 3. Nc3 Bg7 4. Nf3 O-O 5. e4 d6 6. Be2 e5 7. Be3 exd4 8. Nxd4
Qe7 9. Bg5 c6 10. Qd2 Na6 11. O-O Qe5 12. Bf4 Nxe4 13. Bxe5 Nxd2 14. Bxg7 Kxg7
15. Rfd1 Nxc4 16. Bxc4 Nc7 17. Re1 d5 18. Re7 Ne6 19. Nxe6+ Bxe6 20. Bd3 Rab8
21. Re1 Kf6 22. Rc7 Rfe8 23. f3 Kg7 24. Na4 Kf8 25. Nc5 Bc8 26. Rxe8+ Kxe8 27.
b4 a6 28. a4 h6 29. b5 cxb5 30. axb5 h5 31. b6 h4 32. Bc2 Ra8 33. Nxb7 Bxb7 34.
Rxb7 Rd8 35. Rc7 Rb8 36. b7 Kd8 37. Rxf7 a5 38. f4 Ke8 39. Bxg6 a4 40. Rh7+ Kd8
41. Bb1 d4 42. f5 Rxb7 43. Rxb7 d3 44. Bxd3 a3 45. Bc4 h3 46. f6 Kc8 47. Rh7
Kd8 48. Re7 a2 49. Bxa2 hxg2 50. Kxg2 Kc8 51. f7 Kd8 52. f8=Q# {
Hossa checkmated} 1-0

[Event "ICS rated blitz match"]
[Site "204.178.125.65"]
[Date "2000.09.15"]
[Round "?"]
[White "Hossa"]
[Black "Morphy-tire"]
[Result "1-0"]
[WhiteElo "2551"]
[BlackElo "2320"]
[PlyCount "55"]
[EventDate "2000.??.??"]

1. d4 Nf6 2. c4 g6 3. Nc3 Bg7 4. Nf3 O-O 5. e4 d6 6. Be2 e5 7. Be3 Nbd7 8. dxe5
dxe5 9. O-O c6 10. Qd6 Re8 11. h3 Bf8 12. Qd2 Nh5 13. Ng5 Ng7 14. Rad1 Qe7 15.
f4 f6 16. Nf3 Kh8 17. fxe5 Nxe5 18. Nxe5 fxe5 19. Bg5 Qc5+ 20. Kh1 Be6 21. a3
Be7 22. b4 Qb6 23. Bxe7 Rxe7 24. Qg5 Qc7 25. Qh6 Ree8 26. Rf6 Rf8 27. Rxg6 Rf4
28. Rxe6 {Morphy-tire resigns} 1-0

[Event "ICS rated blitz match"]
[Site "204.178.125.65"]
[Date "2000.09.15"]
[Round "?"]
[White "Hossa"]
[Black "Morphy-tire"]
[Result "1-0"]
[WhiteElo "2564"]
[BlackElo "2307"]
[PlyCount "67"]
[EventDate "2000.??.??"]

1. e4 e6 2. d4 d5 3. Nc3 Bb4 4. e5 c5 5. a3 Bxc3+ 6. bxc3 Qa5 7. Bd2 c4 8. Qg4
Kf8 9. Be2 Qa4 10. Bd1 Ne7 11. Qg5 Nbc6 12. h4 Bd7 13. Rb1 b6 14. Ra1 Rc8 15.
Rh3 Nf5 16. g4 Nfe7 17. Rf3 Be8 18. h5 Ng8 19. Ne2 Nce7 20. Be3 Nc6 21. Ra2
Nce7 22. Bd2 Nc6 23. Bc1 Nce7 24. Bb2 Nc6 25. Ra1 Qb5 26. Bc1 Qa4 27. Rb1 Nce7
28. Qh4 Nc6 29. h6 g6 30. Bg5 Nge7 31. Bxe7+ Nxe7 32. Qf6 Rg8 33. Nf4 Nf5 34.
Nxe6# {Morphy-tire checkmated} 1-0

[Event "ICS rated blitz match"]
[Site "204.178.125.65"]
[Date "2000.09.15"]
[Round "?"]
[White "Morphy-tire"]
[Black "Hossa"]
[Result "1-0"]
[WhiteElo "2301"]
[BlackElo "2570"]
[PlyCount "111"]
[EventDate "2000.??.??"]

1. e4 e5 2. Nf3 Nc6 3. Bc4 Bc5 4. c3 Nf6 5. d3 d6 6. Bb3 O-O 7. Nbd2 b5 8. Nf1
d5 9. Ng3 dxe4 10. dxe4 Qxd1+ 11. Bxd1 Rd8 12. Bg5 Be6 13. Bxf6 gxf6 14. Nh4 a6
15. Nhf5 Ne7 16. Nxe7+ Bxe7 17. Bb3 Rd7 18. Ke2 Rad8 19. Rhd1 Bc5 20. f3 Kg7
21. Rxd7 Rxd7 22. Rd1 Rxd1 23. Kxd1 Bf2 24. Ke2 Bxg3 25. hxg3 Bxb3 26. axb3 Kg6
27. g4 a5 28. Kf2 Kg5 29. g3 Kg6 30. Kg2 Kg7 31. Kh3 Kg8 32. Kh4 Kh8 33. Kh5
Kg7 34. f4 c5 35. g5 f5 36. exf5 e4 37. Kg4 h5+ 38. Kh3 Kg8 39. Kg2 b4 40. c4
Kg7 41. Kf2 Kf8 42. Ke3 Ke7 43. Kxe4 Kf8 44. Ke5 Kg7 45. Kd6 Kf8 46. Kxc5 Ke7
47. Kd5 Kf8 48. c5 Ke7 49. c6 f6 50. g6 Kd8 51. Kd6 Ke8 52. c7 Kf8 53. c8=Q+
Kg7 54. Qd7+ Kg8 55. Qf7+ Kh8 56. Qh7# {Hossa checkmated} 1-0

[Event "ICS rated blitz match"]
[Site "204.178.125.65"]
[Date "2000.09.15"]
[Round "?"]
[White "ChessterMan"]
[Black "Hossa"]
[Result "0-1"]
[WhiteElo "1973"]
[BlackElo "2544"]
[PlyCount "78"]
[EventDate "2000.??.??"]

1. e4 c6 2. d4 d5 3. e5 Bf5 4. Nc3 e6 5. Nge2 Nd7 6. Ng3 Bg6 7. Bd3 Bxd3 8.
Qxd3 c5 9. Be3 f6 10. f4 fxe5 11. fxe5 cxd4 12. Bxd4 Ne7 13. O-O Nc6 14. Qf3
Ndxe5 15. Bxe5 Nxe5 16. Qh5+ Ng6 17. Rae1 Qb6+ 18. Kh1 O-O-O 19. Nge2 Bb4 20.
Rf7 d4 21. Na4 Qc6 22. c3 Qxa4 23. cxb4 Qxb4 24. Rc1+ Kb8 25. Qg4 Qxb2 26. Qe4
d3 27. Ng1 Rhf8 28. Rxg7 Qxg7 29. Qa4 Rf2 30. Qg4 Rxa2 31. h4 Qh6 32. g3 Qxc1
33. Qxe6 Ra1 34. Kg2 Qxg1+ 35. Kf3 Qd1+ 36. Ke4 Qe2+ 37. Kf5 Ra5+ 38. Kf6 Qb2+
39. Kf7 Rf8# {ChessterMan checkmated} 0-1

[Event "ICS rated blitz match"]
[Site "204.178.125.65"]
[Date "2000.09.15"]
[Round "?"]
[White "Hossa"]
[Black "guicar"]
[Result "1-0"]
[WhiteElo "2545"]
[BlackElo "2113"]
[PlyCount "23"]
[EventDate "2000.??.??"]

1. e4 e5 2. Nf3 Nc6 3. Nc3 Nf6 4. Nxe5 Nxe5 5. d4 Nc6 6. d5 Nb4 7. a3 Na6 8. e5
Qe7 9. Bxa6 bxa6 10. O-O Ng8 11. d6 Qe6 12. Nd5 {guicar resigns} 1-0

[Event "ICS rated blitz match"]
[Site "204.178.125.65"]
[Date "2000.09.15"]
[Round "?"]
[White "guicar"]
[Black "Hossa"]
[Result "0-1"]
[WhiteElo "2111"]
[BlackElo "2547"]
[PlyCount "62"]
[EventDate "2000.??.??"]

1. d4 d5 2. e3 Nf6 3. Nd2 e6 4. f4 c5 5. c3 cxd4 6. exd4 Bd6 7. Qf3 O-O 8. Bd3
Nc6 9. Nh3 Bd7 10. O-O Qc7 11. Kh1 Ne7 12. Rg1 b5 13. a3 a5 14. g4 Ng6 15. g5
Ne8 16. Nf1 Be7 17. Bd2 Nd6 18. Nf2 Nc4 19. Bc1 Bd6 20. Ng4 Bxf4 21. h4 Bxc1
22. Rxc1 Nxb2 23. Bb1 Nc4 24. h5 Qf4 25. Qh3 Qxc1 26. hxg6 fxg6 27. Bxg6 hxg6
28. Nf6+ gxf6 29. Qh6 Kf7 30. Qh7+ Ke8 31. Qxg6+ Kd8 {guicar resigns} 0-1

[Event "ICS rated standard match"]
[Site "204.178.125.65"]
[Date "2000.09.15"]
[Round "?"]
[White "Hossa"]
[Black "MODIFICADOR"]
[Result "1-0"]
[WhiteElo "2323"]
[BlackElo "2125"]
[PlyCount "39"]
[EventDate "2000.??.??"]

1. d4 d5 2. Nf3 Nf6 3. e3 e6 4. Bd3 c5 5. c3 Nc6 6. Nbd2 Qb6 7. O-O Bd6 8. dxc5
Qxc5 9. e4 dxe4 10. Nxe4 Nxe4 11. Bxe4 Bc7 12. Be3 Qh5 13. Qa4 Bd7 14. Qb3 Rb8
15. Rfd1 Na5 16. Qb4 Bc6 17. Bxa7 Bxe4 18. Bxb8 Bxf3 19. Bxc7 Bxd1 20. Qd6 {
MODIFICADOR resigns} 1-0

[Event "ICS Rated standard match"]
[Site "204.178.125.65"]
[Date "2000.09.15"]
[Round "?"]
[White "MODIFICADOR"]
[Black "Hossa"]
[Result "0-1"]
[WhiteElo "2117"]
[BlackElo "2331"]
[PlyCount "124"]
[EventDate "2000.??.??"]

1. c3 e5 2. d3 d5 3. Nd2 Nf6 4. e4 Nc6 5. Be2 dxe4 6. dxe4 Bd6 7. Ngf3 O-O 8.
O-O Bg4 9. Qc2 Qe7 10. Nc4 Rfd8 11. Bg5 Bc5 12. b4 Bd6 13. Ne3 Bxf3 14. Bxf3
Qf8 15. Bxf6 gxf6 16. Bg4 a5 17. a3 Ne7 18. h3 Qg7 19. Qe2 Qg5 20. Qf3 Kh8 21.
Bf5 Ng6 22. Kh1 Nh4 23. Qg4 Bf8 24. Rfd1 axb4 25. Rxd8 Rxd8 26. axb4 c5 27. g3
Nxf5 28. Qxf5 cxb4 29. Qxg5 fxg5 30. cxb4 Bxb4 31. Rb1 Bc5 32. Rxb7 Bxe3 33.
fxe3 Kg7 34. Kg2 Rd2+ 35. Kf3 Rh2 36. Kg4 Kg6 37. Rb6+ f6 38. Kf3 h5 39. Rb8 h4
40. gxh4 Rxh3+ 41. Kf2 Rxh4 42. Kf3 Rh3+ 43. Kf2 Rh2+ 44. Kf3 Rh1 45. Rg8+ Kh7
46. Rc8 Rh3+ 47. Kf2 Kg7 48. Rc7+ Kg6 49. Rc8 Rh2+ 50. Kg3 Rh1 51. Rg8+ Kf7 52.
Rc8 Rh7 53. Rc6 Rh8 54. Rb6 Kg6 55. Ra6 Rh4 56. Kf3 Rh3+ 57. Kg4 Rxe3 58. Ra4
Rxe4+ 59. Rxe4 f5+ 60. Kf3 fxe4+ 61. Kxe4 g4 62. Kxe5 g3 {MODIFICADOR resigns}
0-1

[Event "ICS Rated standard match"]
[Site "204.178.125.65"]
[Date "2000.09.15"]
[Round "?"]
[White "Hossa"]
[Black "MODIFICADOR"]
[Result "1-0"]
[WhiteElo "2338"]
[BlackElo "2110"]
[PlyCount "58"]
[EventDate "2000.??.??"]

1. d4 d5 2. c4 c6 3. cxd5 cxd5 4. Nc3 Nf6 5. Nf3 e6 6. e3 Nc6 7. a3 Be7 8. Bd3
O-O 9. O-O Bd7 10. b3 Rc8 11. Bb2 Ne8 12. Rc1 f5 13. Na4 b6 14. Ba6 Rc7 15. Nc3
Nd6 16. Rc2 Bc8 17. Bd3 Na5 18. Ne5 Nxb3 19. Nxd5 exd5 20. Rxc7 Qxc7 21. Qxb3
Be6 22. Rc1 Qb7 23. a4 Rc8 24. Rxc8+ Nxc8 25. Bb5 Bf6 26. Bc6 Qc7 27. Bxd5 Bxd5
28. Qxd5+ Kh8 29. Nf7+ Kg8 {MODIFICADOR resigns} 1-0

[Event "ICS rated standard match"]
[Site "204.178.125.65"]
[Date "2000.09.15"]
[Round "?"]
[White "Interceptor"]
[Black "Hossa"]
[Result "1-0"]
[WhiteElo "2598"]
[BlackElo "2345"]
[PlyCount "101"]
[EventDate "2000.??.??"]

1. c4 e5 2. Nf3 Nc6 3. d4 exd4 4. Nxd4 Nxd4 5. Qxd4 Nf6 6. e4 Bb4+ 7. Bd2 Bxd2+
8. Nxd2 d6 9. Bd3 O-O 10. O-O Be6 11. f4 Re8 12. Rae1 Qe7 13. Qc3 c6 14. Nf3
Bg4 15. Nd4 Qc7 16. h3 Bc8 17. Nf3 Nd7 18. e5 dxe5 19. fxe5 Nf8 20. Ng5 Re7 21.
Qc2 h6 22. Nf3 Be6 23. b3 Rd8 24. Kh1 Bc8 25. Be4 b6 26. Kg1 Bb7 27. Rd1 Rde8
28. Rfe1 Nd7 29. e6 fxe6 30. Bg6 Rd8 31. Qd3 Rb8 32. Bh7+ Kh8 33. Bf5 Nf8 34.
Qe3 Rbe8 35. Bg4 b5 36. Bh5 Rb8 37. c5 Qa5 38. Ne5 Kg8 39. Bf7+ Kh8 40. Rf1
Qxa2 41. Bg6 b4 42. Qf4 Ree8 43. Nf7+ Kg8 44. Nxh6+ Kh8 45. Bxe8 Rxe8 46. Nf7+
Kg8 47. Ng5 Qf2+ 48. Qxf2 g6 49. Qf7+ Kh8 50. Qxe8 Kg8 51. Qxf8# {
Hossa checkmated} 1-0

[Event "ICS rated blitz match"]
[Site "204.178.125.65"]
[Date "2000.09.15"]
[Round "?"]
[White "Hossa"]
[Black "QueenMaxima"]
[Result "1-0"]
[WhiteElo "2549"]
[BlackElo "2551"]
[PlyCount "187"]
[EventDate "2000.??.??"]

1. d4 e6 2. e4 Nc6 3. Nf3 d5 4. e5 Bd7 5. Nc3 f6 6. Be2 Bb4 7. a3 Bxc3+ 8. bxc3
fxe5 9. dxe5 Na5 10. Ng5 Qe7 11. Bd3 g6 12. O-O O-O-O 13. Nf3 Qc5 14. Be3 Qf8
15. Bg5 Ne7 16. Bf6 Rg8 17. Qd2 h5 18. Qg5 Re8 19. Rfd1 Qf7 20. Qe3 Nec6 21. a4
Ref8 22. Ng5 Qe8 23. f4 Kb8 24. Rab1 Qc8 25. Qd2 Be8 26. Ba6 Ka8 27. Bb5 a6 28.
Bd3 Qd7 29. Rb2 Qc8 30. Rdb1 Qd7 31. Qe3 Qc8 32. Qe2 Nb8 33. c4 Bxa4 34. cxd5
exd5 35. Qe3 Qd7 36. Qd4 Bc6 37. Qb4 b6 38. e6 Qc8 39. Be5 Re8 40. Qc3 h4 41.
Bf6 Bb7 42. Bg7 Nc4 43. Bxc4 dxc4 44. Be5 Bd5 45. Qd4 Bxe6 46. Nxe6 Rxe6 47.
Qd5+ Nc6 48. Bxc7 b5 49. Ra2 Rge8 50. Be5 Rxe5 51. fxe5 Rxe5 52. Qd6 Re2 53.
Rba1 Qe6 54. Rxa6+ Kb7 55. Qxe6 Rxe6 56. R6a2 Nd4 57. Ra7+ Kb8 58. Ra8+ Kc7 59.
R1a7+ Kd6 60. Ra6+ Ke7 61. Rxe6+ Kxe6 62. Ra6+ Kf5 63. Ra2 b4 64. g3 hxg3 65.
hxg3 Ke4 66. Kf2 c3 67. Ke1 Kf3 68. Kd1 b3 69. cxb3 c2+ 70. Kd2 Nxb3+ 71. Kxc2
Nd4+ 72. Kd3 Nf5 73. g4 Kxg4 74. Ke4 g5 75. Rg2+ Ng3+ 76. Ke3 Kh4 77. Kf3 g4+
78. Ke3 Nf5+ 79. Kf4 Kh3 80. Rxg4 Nd6 81. Rg3+ Kh2 82. Rg6 Nb7 83. Kf3 Nd8 84.
Rf6 Nb7 85. Rh6+ Kg1 86. Rg6+ Kh2 87. Rg2+ Kh1 88. Rg7 Nc5 89. Rg5 Nd3 90. Rd5
Nb4 91. Rb5 Na6 92. Kg3 Nb4 93. Rxb4 Kg1 94. Rb1# {QueenMaxima checkmated} 1-0

[Event "ICS rated blitz match"]
[Site "204.178.125.65"]
[Date "2000.09.15"]
[Round "?"]
[White "QueenMaxima"]
[Black "Hossa"]
[Result "1/2-1/2"]
[WhiteElo "2535"]
[BlackElo "2565"]
[PlyCount "143"]
[EventDate "2000.??.??"]

1. d4 d5 2. c4 e6 3. Nc3 Nf6 4. cxd5 exd5 5. Bg5 Be7 6. Nf3 c6 7. Qc2 Na6 8. a3
Nc7 9. e3 Ne6 10. Bh4 O-O 11. Bd3 g6 12. O-O Bd6 13. Ne5 Ng7 14. e4 Ne6 15. Ng4
g5 16. Nxf6+ Qxf6 17. e5 Nxd4 18. Bxh7+ Kh8 19. exf6 Nxc2 20. Bxc2 gxh4 21.
Rfe1 h3 22. g3 Bc7 23. Re3 Bd8 24. Rf3 Re8 25. Rf4 Kg8 26. Rc1 b6 27. Bd3 a6
28. b3 Re6 29. Bf5 Rd6 30. Bxc8 Rxc8 31. Rf3 Bxf6 32. Nxd5 Rxd5 33. Rxf6 Rd3
34. Kf1 Rxb3 35. Rcxc6 Rxc6 36. Rxc6 Kg7 37. Ke2 Rxa3 38. Rxb6 a5 39. Rb5 Kg6
40. Rb8 Ra2+ 41. Ke3 Kg7 42. Rb5 Kh6 43. Rb8 Kh7 44. Rb7 Ra3+ 45. Ke2 Kg8 46.
Rb5 a4 47. Rg5+ Kf8 48. Rh5 Ra2+ 49. Kf3 Ra3+ 50. Kg4 Ra2 51. Rf5 a3 52. Rf3
Ra1 53. Kxh3 a2 54. Ra3 Ke7 55. Ra7+ Kd6 56. Kg4 Ke5 57. Kg5 Kd4 58. Kf6 Kc3
59. Kf5 Kb2 60. Rb7+ Kc1 61. Rc7+ Kd1 62. Ra7 Kc2 63. h4 Kb2 64. Rb7+ Kc3 65.
Rc7+ Kd2 66. Ra7 Kc2 67. f4 Kb2 68. Rb7+ Kc1 69. Rc7+ Kb2 70. Rb7+ Kc1 71. Ra7
Kb2 72. Rb7+ {Game drawn by repetition} 1/2-1/2

[Event "ICS rated blitz match"]
[Site "204.178.125.65"]
[Date "2000.09.15"]
[Round "?"]
[White "Hossa"]
[Black "PostModernist"]
[Result "0-1"]
[WhiteElo "2564"]
[BlackElo "2607"]
[PlyCount "186"]
[EventDate "2000.??.??"]

1. e4 c6 2. d4 d5 3. Nc3 dxe4 4. Nxe4 Bf5 5. Ng3 Bg6 6. h4 h6 7. Nf3 Nd7 8. h5
Bh7 9. Bd3 Bxd3 10. Qxd3 Qc7 11. Bd2 Ngf6 12. O-O-O e6 13. Rde1 O-O-O 14. Rh4
Bd6 15. Ne4 Nxe4 16. Qxe4 Nf6 17. Qe2 Kb8 18. Be3 Qa5 19. Kb1 Qd5 20. Ne5 Rhf8
21. c4 Qa5 22. Bd2 Bb4 23. Bxb4 Qxb4 24. Rh3 Qa5 25. Rb3 Ka8 26. Rd1 Qc7 27.
Rbd3 Kb8 28. Rf1 Rh8 29. Rh1 a6 30. Rdd1 Rhe8 31. Qe3 Rf8 32. Rde1 Rg8 33. Rh4
Rdf8 34. Qa3 Rd8 35. Qc5 Nd7 36. Nxd7+ Qxd7 37. Rf4 Qc7 38. g3 g5 39. hxg6 Rxg6
40. Qh5 Ka7 41. Re3 Kb8 42. Ref3 Rd7 43. Rb3 Rd8 44. Ra3 Rdg8 45. Raf3 f5 46.
Re3 Qd6 47. Qe2 Rf8 48. Re5 Rc8 49. Rh4 Qd7 50. Qf3 Rd8 51. Qf4 Ka7 52. Qe3 Ka8
53. Qe1 Rg4 54. Rxg4 fxg4 55. Re4 Qh7 56. Kc1 h5 57. Qe3 Qg7 58. Kc2 Rf8 59.
Rxe6 Rf3 60. Qd2 Qf7 61. Qe1 Rxf2+ 62. Kc3 Qf5 63. Re4 Qa5+ 64. Kd3 Rf3+ 65.
Ke2 Qa4 66. Qc1 Rxg3 67. Re5 Rg2+ 68. Ke3 Qxa2 69. Rxh5 Qxb2 70. Qxb2 Rxb2 71.
Kf4 Rd2 72. Ke3 Rc2 73. c5 g3 74. Rh8+ Ka7 75. Rg8 g2 76. Kd3 Ra2 77. Kc3 a5
78. Kb3 Re2 79. Kc3 Ka6 80. Kd3 Rf2 81. Ke3 Rb2 82. Kf4 a4 83. Rg3 Kb5 84. Rg6
a3 85. Rg7 Kc4 86. d5 a2 87. dxc6 bxc6 88. Kf3 a1=Q 89. Rg4+ Kb5 90. Rg8 Qf1+
91. Ke4 Re2+ 92. Kd3 Qf3+ 93. Kd4 Qe3# {Hossa checkmated} 0-1

[Event "ICS rated blitz match"]
[Site "204.178.125.65"]
[Date "2000.09.15"]
[Round "?"]
[White "QueenMaxima"]
[Black "Hossa"]
[Result "1-0"]
[WhiteElo "2537"]
[BlackElo "2550"]
[PlyCount "151"]
[EventDate "2000.??.??"]

1. d4 Nf6 2. Bf4 e6 3. e3 b6 4. Bd3 Nd5 5. Nh3 Nxf4 6. Nxf4 Bb7 7. O-O c5 8.
dxc5 Bxc5 9. Nd2 d5 10. Nb3 Bd6 11. Nd4 Nd7 12. Qg4 g5 13. Ndxe6 Qf6 14. Nxg5
Rg8 15. Bb5 O-O-O 16. Bxd7+ Rxd7 17. Ne4 dxe4 18. Qxg8+ Rd8 19. Qg4+ Kb8 20. c3
Bc8 21. Qg3 Bc7 22. Rfd1 Be5 23. Kh1 Qe7 24. Rac1 h5 25. h3 Ba6 26. Qh2 Bd3 27.
Ra1 Qg5 28. Qg3 Qe7 29. Rd2 h4 30. Qg4 Bxf4 31. Qxf4+ Ka8 32. a4 Rg8 33. Rad1
Rg6 34. a5 bxa5 35. Qf5 Kb8 36. Qxa5 Ra6 37. Qh5 Rg6 38. Qh8+ Kb7 39. f3 f5 40.
b3 Qg5 41. Qf8 Rg8 42. Qf7+ Kb6 43. Qe6+ Kc7 44. f4 Qg6 45. Qe7+ Kb8 46. Ra1 a6
47. Ra5 Qg3 48. Qd6+ Kb7 49. Qd5+ Kb8 50. Ra1 Rc8 51. Qd6+ Kb7 52. c4 Rc6 53.
Qd7+ Rc7 54. Qd5+ Rc6 55. Rda2 Kc7 56. Qxf5 Qxe3 57. Qe5+ Kc8 58. Qe8+ Kc7 59.
Qe7+ Kc8 60. Qxh4 Kb7 61. Qe7+ Kc8 62. Qf8+ Kb7 63. Qf7+ Kb8 64. Qe8+ Kc7 65.
Qe5+ Kb7 66. Qg7+ Rc7 67. Qg8 Rc6 68. Rxa6 Rxa6 69. Qf7+ Kb6 70. Qf6+ Kc7 71.
Rxa6 Qe1+ 72. Kh2 Qf2 73. Qd6+ Kc8 74. Rc6+ Kb7 75. Rc7+ Ka8 76. Qd8# {
Hossa checkmated} 1-0

[Event "ICS rated blitz match"]
[Site "204.178.125.65"]
[Date "2000.09.15"]
[Round "?"]
[White "Hossa"]
[Black "QueenMaxima"]
[Result "0-1"]
[WhiteElo "2533"]
[BlackElo "2554"]
[PlyCount "116"]
[EventDate "2000.??.??"]

1. e4 c5 2. Nf3 e6 3. d4 cxd4 4. Nxd4 Nf6 5. Nc3 Bb4 6. e5 Ne4 7. Qg4 Nxc3 8.
Qxg7 Rf8 9. a3 Nb5+ 10. axb4 Nxd4 11. Bg5 Nxc2+ 12. Kd1 Qxg5 13. Qxg5 Nxa1 14.
b5 Nb3 15. Qe3 a6 16. Qxb3 axb5 17. Qh3 Ra1+ 18. Kc2 Nc6 19. Qxh7 Nxe5 20. Qg7
Nc6 21. h4 d5 22. h5 e5 23. g4 Bd7 24. Bg2 Ra4 25. f3 f6 26. Kd2 Ne7 27. Bf1
Ra2 28. Kc2 Rf7 29. Qh8+ Rf8 30. Qh7 Rf7 31. Qd3 Ra1 32. Qb3 Nc6 33. Kd2 Nd4
34. Qxd5 Bc6 35. Qd6 Nxf3+ 36. Ke3 Nd4 37. Rg1 Rd7 38. Qb8+ Rd8 39. Qc7 Nc2+
40. Kf2 Rd2+ 41. Kg3 Ne3 42. Qc8+ Ke7 43. Qc7+ Rd7 44. Qc8 Nxf1+ 45. Kh4 Rd2
46. Qc7+ Bd7 47. Qc5+ Ke8 48. Rxf1 Rxf1 49. Qa7 Rd3 50. Qxb7 Rf4 51. Qg2 f5 52.
Qa8+ Kf7 53. Qa2+ Be6 54. Qa7+ Kf6 55. Qe7+ Kxe7 56. Kg5 Rxg4+ 57. Kh6 Bg8 58.
b3 Rd6# {Hossa checkmated} 0-1

[Event "ICS rated standard match"]
[Site "204.178.125.65"]
[Date "2000.09.15"]
[Round "?"]
[White "Hossa"]
[Black "BrazilianMaster"]
[Result "0-1"]
[WhiteElo "2339"]
[BlackElo "2569"]
[PlyCount "61"]
[EventDate "2000.??.??"]

1. e4 c5 2. Nf3 d6 3. d4 cxd4 4. Nxd4 g6 5. Bb5+ Bd7 6. O-O e5 7. Bxd7+ Qxd7 8.
Nf3 f5 9. exf5 gxf5 10. Nh4 Nf6 11. Bg5 Ne4 12. Qh5+ Qf7 13. Qxf7+ Kxf7 14. Bc1
f4 15. Nd2 Nxd2 16. Bxd2 d5 17. Rfe1 Nc6 18. Nf3 Bd6 19. Bc3 Kf6 20. g4 Rhg8
21. h3 h5 22. g5+ Kf5 23. Red1 d4 24. Be1 e4 25. Nxd4+ Nxd4 26. Rxd4 Be5 27.
Rd7 Rxg5+ 28. Kf1 f3 29. Bd2 Rg2 30. Rh7 Bh2 31. Rxh5+ {Hossa resigns} 0-1

[Event "ICS rated blitz match"]
[Site "204.178.125.65"]
[Date "2000.09.15"]
[Round "?"]
[White "Hossa"]
[Black "PostModernist"]
[Result "0-1"]
[WhiteElo "2518"]
[BlackElo "2649"]
[PlyCount "84"]
[EventDate "2000.??.??"]

1. d4 Nf6 2. Bf4 g6 3. Nf3 Bg7 4. e3 O-O 5. Nc3 d6 6. Bc4 d5 7. Bb3 Bf5 8. O-O
c6 9. a3 Nbd7 10. Qe2 Re8 11. Rac1 e6 12. Nh4 Nh5 13. Nxf5 exf5 14. Qf3 Ndf6
15. Bg5 Qd6 16. Ra1 Ne4 17. Nxe4 fxe4 18. Qe2 h6 19. Bh4 Bf6 20. Bxf6 Nxf6 21.
c4 dxc4 22. Bxc4 b5 23. Bb3 Rac8 24. f3 c5 25. fxe4 cxd4 26. Qf2 Rc6 27. exd4
Rxe4 28. Rad1 Re7 29. Qh4 h5 30. a4 bxa4 31. Bxa4 Rb6 32. b3 Ng4 33. Rd2 Re4
34. d5 Qc5+ 35. Kh1 Rf6 36. Rfd1 Qe3 37. Bb5 Rf2 38. Qd8+ Kh7 39. Re2 Qf4 40.
Qh8+ Kxh8 41. g3 Qf3+ 42. Kg1 Qg2# {Hossa checkmated} 0-1